Study on new growth in relation to increase and decrease of storage matter in Hevea body during the development of its first leaf storey (Record no. 69840)

MARC details
000 -LEADER
fixed length control field 00487nam a2200133Ia 4500
100 ## - MAIN ENTRY--AUTHOR NAME
Personal name Yaohua H
245 #0 - TITLE STATEMENT
Title Study on new growth in relation to increase and decrease of storage matter in Hevea body during the development of its first leaf storey
260 ## - PUBLICATION, DISTRIBUTION, ETC. (IMPRINT)
Name of publisher Proceedings of the IRRDB Symposium: Rubber Physiology and Exploitation, China, 1986; p193-208
650 ## - SUBJECT ADDED ENTRY--TOPICAL TERM
Topical Term Growth
650 ## - SUBJECT ADDED ENTRY--TOPICAL TERM
Topical Term Hevea
700 ## - ADDED ENTRY--PERSONAL NAME
Personal name Haisheng X
942 ## - ADDED ENTRY ELEMENTS (KOHA)
Koha item type Journals
Holdings
Withdrawn status Lost status Damaged status Not for loan Home library Current library Shelving location Date acquired Koha item type
      Journals RRII Library RRII Library Physiology 17/12/2021 Journals